000 00287nam a2200121Ia 4500
008 221202s9999 xx 000 0 und d
040 _aAR-BeUNQ
_bspa
_eaacr
100 _aCamuyrano, Ma.
245 0 _aMatemática I
260 _aBuenos Aires
_bEstrada
546 _aEspañol
942 _cLIB
_n0
999 _c419
_d419